000 00592nam a2200229Ia 4500
003 OSt
005 20220928140112.0
006 a|||||r|||| 00| 0
007 ta
008 220927b |||||||| |||| 00| 0 eng d
024 _a6576
037 _cTextual
040 _aSDCL
_cSDCL
_beng
041 _2eng
_aeng
082 _aI9M, N4
100 _aBowles D J
_9493918
245 0 _aMolecular botany
_b Signals and the envionment
260 _c1994
700 _a Gilartin P M
_9493919
942 _hI9M, N4
_cTEXL
_2CC
999 _c809791
_d809791